[Event "Caro Special"]
[Site "SchemingMind.com"]
[Date "2018.08.25"]
[Round "-"]
[White "kenneth m day"]
[Black "Stephen Woodhouse"]
[Result "1-0"]
[WhiteCountry "USA"]
[BlackCountry "ENG"]
[WhiteElo "1725"]
[WhiteRD "60"]
[BlackElo "1898"]
[BlackRD "70"]
[GameID "431806"]

1. e4 c6 2. d4 d5 3. e5 Bf5 4. Nc3 e6 5. Nf3 c5 6. Be3 Qb6 7. Be2 Qxb2 8. Nb5 Na6 9. c4 dxc4 10. Bxc4 Qb4+
11. Nd2 cxd4 12. Bxd4 Rc8 13. Bc3 Qc5 14. Qa4 Qc6 15. O-O Nc5 16. Qxa7 Ne4 17. Nd4 Qc5 18. Bb5+ Kd8 19. Ba5+ Rc7 20. Qb8+
1-0

[Event "Caro Special"]
[Site "SchemingMind.com"]
[Date "2018.08.25"]
[Round "-"]
[White "Stephen Woodhouse"]
[Black "kenneth m day"]
[Result "1-0"]
[WhiteCountry "ENG"]
[BlackCountry "USA"]
[WhiteElo "1898"]
[WhiteRD "70"]
[BlackElo "1725"]
[BlackRD "60"]
[GameID "431807"]

1. e4 c6 2. d4 d5 3. e5 Bf5 4. Nf3 e6 5. Be2 Nd7 6. O-O c5 7. c4 f6 8. cxd5 exd5 9. dxc5 Nxc5 10. Nc3 Be6
11. Bb5+ Kf7 12. exf6 Nxf6 13. Ng5+ Ke7 14. Re1 h6 15. Nxe6 Nxe6 16. Qe2 Qb6 17. Be3 Qd6 18. Bc5 Qxc5 19. Qxe6+ Kd8 20. Nxd5 Bd6
21. Nxf6 Qxb5 22. Qxd6+ Kc8 23. Rac1+
1-0

[Event "Caro Special"]
[Site "SchemingMind.com"]
[Date "2018.09.04"]
[Round "-"]
[White "kenneth m day"]
[Black "David Perna-Fraser"]
[Result "0-1"]
[WhiteCountry "USA"]
[BlackCountry "CAN"]
[WhiteElo "1735"]
[WhiteRD "57"]
[BlackElo "2150"]
[BlackRD "79"]
[GameID "432227"]

1. e4 c6 2. d4 d5 3. e5 Bf5 4. Nc3 e6 5. Nf3 Bb4 6. Bd2 Na6 7. a3 Ba5 8. Be2 h6 9. O-O Ne7 10. Rb1 Ng6
11. b4 Bb6 12. Be3 Nc7 13. Na4 O-O 14. Nc5 Bxc5 15. bxc5 Rb8 16. Bd3 Bxd3 17. Qxd3 Nh4 18. Qe2 Nxf3+ 19. Qxf3 Nb5 20. a4 Nc3
21. Ra1 Ne4 22. Qg4 Kh8 23. Rfe1 f5 24. Qh5 f4 25. Bc1 Rf5 26. Qf3 Ng5 27. Qg4 f3 28. Bxg5 Qxg5 29. Qxg5 Rxg5 30. g3 Rg4
31. Ra3 Rxd4 32. Rxf3 Rxa4
0-1

[Event "Caro Special"]
[Site "SchemingMind.com"]
[Date "2018.09.04"]
[Round "-"]
[White "David Perna-Fraser"]
[Black "kenneth m day"]
[Result "1-0"]
[WhiteCountry "CAN"]
[BlackCountry "USA"]
[WhiteElo "2181"]
[WhiteRD "74"]
[BlackElo "1709"]
[BlackRD "56"]
[GameID "432228"]

1. e4 c6 2. d4 d5 3. e5 Bf5 4. Nf3 e6 5. Bd3 Bxd3 6. Qxd3 Nd7 7. O-O f6 8. Re1 Qc7 9. exf6 Ngxf6 10. Rxe6+ Kd8
11. Bg5 Be7 12. Nc3 Re8 13. Rae1 h6 14. Bxf6 Nxf6 15. Ne5 Rf8 16. Ng6 Re8 17. Nxe7 Ne4 18. Nxe4 Rxe7 19. Nc5
1-0

[Event "Caro Special"]
[Site "SchemingMind.com"]
[Date "2018.09.04"]
[Round "-"]
[White "Stephen Woodhouse"]
[Black "David Perna-Fraser"]
[Result "1/2-1/2"]
[WhiteCountry "ENG"]
[BlackCountry "CAN"]
[WhiteElo "1872"]
[WhiteRD "67"]
[BlackElo "2181"]
[BlackRD "74"]
[GameID "432229"]

1. e4 c6 2. d4 d5 3. e5 Bf5 4. Nf3 e6 5. Be2 Ne7 6. O-O h6 7. Nbd2 Ng6 8. Nb3 a5 9. a4 Na6 10. c3 Be7
11. Bd3 Bxd3 12. Qxd3 Nh4 13. Nxh4 Bxh4 14. f4 g6 15. g4 Be7 16. f5 gxf5 17. gxf5 Qb6 18. fxe6 fxe6 19. Qg6+ Kd7 20. Nc5+ Nxc5
21. dxc5 Qxc5+ 22. Kh1 Rag8 23. Qd3 Rg4 24. Be3 Qc4 25. Qxc4 dxc4 26. Rad1+ Ke8 27. Rd4 h5 28. Rxg4 hxg4 29. Bb6 g3 30. Bg1 gxh2
31. Bxh2 Bf8 32. Kg2 Bg7 33. Rd1 Rh5 34. Re1 Kf7 35. Re4 b5 36. Bf4 Kg6 37. Rd4 Bxe5 38. Bxe5 Rxe5 39. Rd6 Re2+ 40. Kf3 Rxb2
41. Rxe6+ Kf5 42. Rxc6 Rb3 43. Rc5+ Ke6 44. axb5 Rxc3+ 45. Ke4 Rb3 46. Kd4 c3 47. Rxc3 Rxb5 48. Rc6+ Kd7 49. Ra6 Kc7 50. Kc4 Rh5
51. Kb3 Kb7=
1/2-1/2

[Event "Caro Special"]
[Site "SchemingMind.com"]
[Date "2018.09.04"]
[Round "-"]
[White "David Perna-Fraser"]
[Black "Stephen Woodhouse"]
[Result "1-0"]
[WhiteCountry "CAN"]
[BlackCountry "ENG"]
[WhiteElo "2206"]
[WhiteRD "74"]
[BlackElo "1898"]
[BlackRD "70"]
[GameID "432230"]

1. e4 c6 2. d4 d5 3. e5 Bf5 4. Bd3 Bxd3 5. Qxd3 e6 6. Nf3 Nd7 7. O-O c5 8. c3 Ne7 9. dxc5 Qc7 10. Qb5 a6
11. Qa4 Qc6 12. Qg4 Nxc5 13. Be3 Nf5 14. Nd4 Nxe3 15. fxe3 h5 16. Qf3 Qd7 17. Nd2 g6 18. Qf6 Rg8 19. N2b3 Ne4 20. Qf3 Bg7
21. Rad1 Bxe5 22. c4 Qc7 23. cxd5 Bxh2+ 24. Kh1 Ng3+ 25. Kxh2 Nxf1+ 26. Kg1 Nh2 27. Qh3 Ng4 28. dxe6 fxe6 29. Nxe6 Qe5 30. Nbc5 Rc8
31. Qh4 b6 32. Rd8+ Kf7 33. Rd7+
1-0

[Event "Caro Special"]
[Site "SchemingMind.com"]
[Date "2018.09.09"]
[Round "-"]
[White "capablanca"]
[Black "kenneth m day"]
[Result "1-0"]
[WhiteCountry "GER"]
[BlackCountry "USA"]
[WhiteElo "1793"]
[WhiteRD "81"]
[BlackElo "1709"]
[BlackRD "56"]
[GameID "432346"]

1. e4 c6 2. d4 d5 3. e5 Bf5 4. Nf3 e6 5. Bd3 Bxd3 6. Qxd3 f6 7. exf6 Nxf6 8. O-O Be7 9. Re1 Qd7 10. Ng5 O-O
11. Nxe6 Rf7 12. Ng5 Rf8 13. Bf4 h6 14. Nf3 Qd8 15. Ne5 Nbd7 16. Ng6 Rf7 17. Nd2 Bf8 18. Nxf8 Qxf8 19. Re2 Re8 20. Rae1 Rxe2
21. Rxe2 Nh5 22. Be3 Nf4 23. Bxf4 Rxf4 24. Nf3 Nf6 25. Ne5 Ne4 26. Ng6 Qf6 27. Nxf4 Qxf4 28. Qe3 Qf6 29. c3 Kh7 30. f3 Nd6
31. Qe6 Qf8 32. Qg4 Qf6 33. Re6 Qf8 34. Qg6+ Kg8 35. Rxd6
1-0

[Event "Caro Special"]
[Site "SchemingMind.com"]
[Date "2018.09.09"]
[Round "-"]
[White "kenneth m day"]
[Black "capablanca"]
[Result "0-1"]
[WhiteCountry "USA"]
[BlackCountry "GER"]
[WhiteElo "1687"]
[WhiteRD "59"]
[BlackElo "1790"]
[BlackRD "74"]
[GameID "432347"]

1. e4 c6 2. d4 d5 3. e5 Bf5 4. Nc3 e6 5. Nf3 Nd7 6. Bd3 Bxd3 7. Qxd3 c5 8. Be3 cxd4 9. Bxd4 Ne7 10. O-O Nc6
11. Rfe1 Nxd4 12. Qxd4 Bc5 13. Qg4 O-O 14. Rad1 Be7 15. h4 h6 16. Qh5 Qb6 17. b3 Rac8 18. Rd3 Qa5 19. Ree3 Bb4 20. Ne2 Rxc2
21. a4 Bc5 22. Nfd4 Bxd4 23. Rxd4 Qe1+ 24. Kh2 Qxf2 25. Rg3 Kh7 26. Qg4 Rg8 27. Ng1 Nxe5 28. Qf4 Qxf4 29. Rxf4 f6 30. Rb4 b6
31. Nh3 Rgc8 32. Nf4 Re8 33. Nh5 Re7 34. Kh3 Rcc7 35. Rd4 Nc6 36. Rdd3 d4 37. Rd2 Rcd7 38. Rgd3 e5 39. g4 e4 40. Rg3 e3
41. Re2 d3 42. Rexe3 Rxe3 43. Rxe3 d2
0-1

[Event "Caro Special"]
[Site "SchemingMind.com"]
[Date "2018.09.09"]
[Round "-"]
[White "capablanca"]
[Black "Stephen Woodhouse"]
[Result "0-1"]
[WhiteCountry "GER"]
[BlackCountry "ENG"]
[WhiteElo "1696"]
[WhiteRD "147"]
[BlackElo "1898"]
[BlackRD "70"]
[GameID "432348"]

1. e4 c6 2. d4 d5 3. e5 Bf5 4. Nf3 e6 5. Bd3 Bxd3 6. Qxd3 Nd7 7. O-O c5 8. c3 Ne7 9. Be3 Nc6 10. Nbd2 cxd4
11. cxd4 Be7 12. a3 O-O 13. Rfc1 Rc8 14. Nb3 Qb6 15. Rc3 Na5 16. Rxc8 Rxc8 17. Nxa5 Qxa5 18. b4 Qd8 19. Rc1 Rxc1+ 20. Bxc1 Qc7
21. Bb2 Nb6 22. Qc3 Qxc3 23. Bxc3 Kf8 24. Kf1 Ke8 25. Ke2 Kd7 26. Ne1 Kc6 27. Kd3 Kb5 28. Kc2 Ka4 29. Bb2 Nc4 30. Nd3 Nxa3+
31. Kc3 Nb5+
0-1

[Event "Caro Special"]
[Site "SchemingMind.com"]
[Date "2018.09.09"]
[Round "-"]
[White "Stephen Woodhouse"]
[Black "capablanca"]
[Result "1-0"]
[WhiteCountry "ENG"]
[BlackCountry "GER"]
[WhiteElo "1898"]
[WhiteRD "70"]
[BlackElo "1696"]
[BlackRD "147"]
[GameID "432349"]

1. e4 c6 2. d4 d5 3. e5 Bf5 4. Nf3 e6 5. Be2 Nd7 6. O-O c5 7. c4 Ne7 8. Nc3 cxd4 9. Nxd4 Bg6 10. cxd5 Nxd5
11. Nxd5 exd5 12. e6 fxe6 13. Nxe6 Qb6 14. Qxd5 Nf6 15. Bb5+
1-0

[Event "Caro Special"]
[Site "SchemingMind.com"]
[Date "2018.09.10"]
[Round "-"]
[White "capablanca"]
[Black "David Perna-Fraser"]
[Result "0-1"]
[WhiteCountry "GER"]
[BlackCountry "CAN"]
[WhiteElo "1696"]
[WhiteRD "147"]
[BlackElo "2206"]
[BlackRD "74"]
[GameID "432350"]

1. e4 c6 2. d4 d5 3. e5 Bf5 4. Bd3 Bxd3 5. Qxd3 e6 6. Nf3 Ne7 7. Bg5 h6 8. Bh4 Qc7 9. Nbd2 Ng6 10. Bg3 Be7
11. O-O-O Na6 12. c3 Qa5 13. Kb1 b5 14. Nb3 Qa4 15. Nfd2 Bg5 16. h4 Bxd2 17. Rxd2 Ne7 18. Nc5 Nxc5 19. dxc5 Nf5 20. f4 Nxg3
21. Qxg3 Qe4+ 22. Kc1 O-O 23. Qf2 b4 24. Rd4 Qf5 25. Rxb4 Rfb8 26. Qf3 h5 27. Rg1 Rxb4 28. cxb4 a5 29. g4 hxg4 30. Qxg4 Qxg4
31. Rxg4 axb4 32. Kb1 Ra5 33. h5 Rxc5 34. f5 exf5 35. Rxb4 Kf8 36. Rb8+ Ke7 37. b4 Rb5
0-1

[Event "Caro Special"]
[Site "SchemingMind.com"]
[Date "2018.09.09"]
[Round "-"]
[White "David Perna-Fraser"]
[Black "capablanca"]
[Result "1-0"]
[WhiteCountry "CAN"]
[BlackCountry "GER"]
[WhiteElo "2206"]
[WhiteRD "74"]
[BlackElo "1696"]
[BlackRD "147"]
[GameID "432351"]

1. e4 c6 2. d4 d5 3. e5 Bf5 4. Bd3 Bxd3 5. Qxd3 e6 6. Nf3 Ne7 7. O-O Ng6 8. a4 c5 9. Qb5+ Qd7 10. Be3 cxd4
11. Bxd4 Qxb5 12. axb5 b6 13. Rd1 Nd7 14. Rd3 Bc5 15. Bxc5 Nxc5 16. Rda3 O-O 17. Rxa7 Rxa7 18. Rxa7 Rd8 19. Nbd2 Nd7 20. Rb7 Ngxe5
21. Nxe5 Nxe5 22. Rxb6 Nc4 23. Nxc4 dxc4 24. Kf1 Kf8 25. Ke2 Ke7 26. Rb7+ Rd7 27. Rxd7+ Kxd7 28. Ke3 e5 29. Ke4 Kd6 30. b6 g6
31. g4 f6 32. b7 Kc7 33. c3 Kxb7 34. Kd5 h5 35. gxh5 gxh5 36. Kxc4 Kc6 37. b4 f5 38. b5+ Kb6 39. Kd5
1-0

[Event "Caro Special"]
[Site "SchemingMind.com"]
[Date "2018.09.15"]
[Round "-"]
[White "capablanca"]
[Black "flyinduck"]
[Result "0-1"]
[WhiteCountry "GER"]
[BlackCountry "CAN"]
[WhiteElo "1793"]
[WhiteRD "81"]
[BlackElo "2023"]
[BlackRD "52"]
[GameID "432534"]

1. e4 c6 2. d4 d5 3. e5 Bf5 4. Bd3 Bxd3 5. Qxd3 e6 6. Nf3 Qa5+ 7. c3 Qa6 8. Qxa6 Nxa6 9. Nbd2 c5 10. a3 h5
11. O-O Nh6 12. b3 Nf5 13. Bb2 Rc8 14. Rfc1 cxd4 15. cxd4 Rxc1+ 16. Rxc1 Be7 17. Rc8+ Bd8 18. Rc1 Kd7 19. Nb1 Bb6 20. Kf1 h4
21. h3 Nb8 22. Ke2 Nc6 23. Kd3 Rg8 24. Nbd2 g5 25. g4 hxg3 26. fxg3 g4 27. hxg4 Rxg4 28. Rg1 Rxg3 29. Rxg3 Nxg3 30. Ng5 Ke7
31. Nh7 Nh5 32. Nf3 f6 33. exf6+ Nxf6 34. Nhg5 Ng4 35. Bc3 Kf6 36. Nh7+ Kf5 37. Nh4+ Kf4 38. Bd2+ Kg3 39. Be1+ Kh2 40. Nf3+ Kg2
41. Nhg5 e5 42. dxe5 Ncxe5+ 43. Ke2 Nxf3 44. Nxf3 Nf6 45. Ne5 Ne4 46. Nd3 Ng3+ 47. Kd2 Ne4+ 48. Kc2 Kf1 49. Bh4 Be3 50. Ne5 Ke2
51. Nd3 Nc5 52. Ne5 d4 53. Nc4 d3+ 54. Kc3 d2 55. Nxe3 Kxe3
0-1

[Event "Caro Special"]
[Site "SchemingMind.com"]
[Date "2018.09.17"]
[Round "-"]
[White "flyinduck"]
[Black "capablanca"]
[Result "1-0"]
[WhiteCountry "CAN"]
[BlackCountry "GER"]
[WhiteElo "2023"]
[WhiteRD "52"]
[BlackElo "1793"]
[BlackRD "81"]
[GameID "432535"]

1. e4 c6 2. d4 d5 3. e5 Bf5 4. Nc3 e6 5. g4 Bg6 6. Nge2 c5 7. h4 cxd4 8. Nxd4 h6 9. f4 Bc5 10. Be3 Bxd4
11. Bxd4 Ne7 12. h5 Bh7 13. Bd3 Bxd3 14. Qxd3 Nbc6 15. O-O-O Nxd4 16. Qxd4 Nc6 17. Qf2 O-O 18. Rdg1 d4 19. Ne4 d3 20. g5 Kh7
21. gxh6 gxh6 22. Nf6+ Kh8 23. Qg2 d2+ 24. Kd1
1-0

[Event "Caro Special"]
[Site "SchemingMind.com"]
[Date "2018.09.15"]
[Round "-"]
[White "kenneth m day"]
[Black "flyinduck"]
[Result "0-1"]
[WhiteCountry "USA"]
[BlackCountry "CAN"]
[WhiteElo "1735"]
[WhiteRD "57"]
[BlackElo "2000"]
[BlackRD "55"]
[GameID "432536"]

1. e4 c6 2. d4 d5 3. e5 Bf5 4. Nc3 e6 5. Nf3 c5 6. Bb5+ Nc6 7. O-O Qb6 8. Be3 c4 9. b3 Bb4 10. Bxc6+ Qxc6
11. Bd2 Bxc3 12. Bxc3 cxb3 13. Qd2 Rc8 14. cxb3 Qxc3 15. Qxc3 Rxc3 16. Rac1 Rxc1 17. Rxc1 Kd7 18. h3 Ne7 19. g4 Be4 20. Ng5 Bg6
21. h4 h6 22. Nh3 Rc8 23. Rxc8 Kxc8 24. Nf4 Nc6 25. Ne2 Bd3 26. Nc1 Ba6
0-1

[Event "Caro Special"]
[Site "SchemingMind.com"]
[Date "2018.09.17"]
[Round "-"]
[White "flyinduck"]
[Black "kenneth m day"]
[Result "1-0"]
[WhiteCountry "CAN"]
[BlackCountry "USA"]
[WhiteElo "2000"]
[WhiteRD "55"]
[BlackElo "1735"]
[BlackRD "57"]
[GameID "432537"]

1. e4 c6 2. d4 d5 3. e5 c5 4. dxc5 e6 5. Qg4 f6 6. Nf3 Qa5+ 7. b4 Qc7 8. Bb5+ Nc6 9. Bf4 Bd7 10. Bxc6 Qxc6
11. O-O O-O-O 12. Nbd2 Ne7 13. h4 h5 14. Qh3 Ng6 15. Bh2 Be7 16. a4 Rhf8 17. Nb3 fxe5 18. Nxe5 Nxe5 19. Bxe5 Bf6 20. b5 Qc7
21. Bxc7 Kxc7 22. Rad1 e5 23. Qg3 d4 24. Nxd4 Kc8 25. Nb3
1-0

[Event "Caro Special"]
[Site "SchemingMind.com"]
[Date "2018.09.15"]
[Round "-"]
[White "Stephen Woodhouse"]
[Black "flyinduck"]
[Result "1/2-1/2"]
[WhiteCountry "ENG"]
[BlackCountry "CAN"]
[WhiteElo "1871"]
[WhiteRD "68"]
[BlackElo "1993"]
[BlackRD "51"]
[GameID "432538"]

1. e4 c6 2. d4 d5 3. e5 Bf5 4. Nf3 e6 5. Be2 c5 6. c3 Nc6 7. O-O cxd4 8. cxd4 Nge7 9. Nc3 Nc8 10. Be3 h6
11. Rc1 g5 12. h3 Be7 13. Nh2 Bg6 14. Bh5 O-O 15. f4 Nb6 16. Qg4 Nc4 17. Rf3 Nxe3 18. Rxe3 Kg7 19. Bxg6 Kxg6 20. fxg5 hxg5
21. Rg3 Rh8 22. Nf3 Rh5 23. h4 Qb6 24. hxg5 Rah8 25. Rh3 Rxh3 26. gxh3 Qxb2 27. Ne2 Kg7 28. Nh4 Rxh4 29. Qxh4 Qxe2 30. Qh6+ Kg8
31. g6 fxg6 32. Qxg6+ Kh8 33. Qh6+=
1/2-1/2

[Event "Caro Special"]
[Site "SchemingMind.com"]
[Date "2018.09.17"]
[Round "-"]
[White "flyinduck"]
[Black "Stephen Woodhouse"]
[Result "1-0"]
[WhiteCountry "CAN"]
[BlackCountry "ENG"]
[WhiteElo "2023"]
[WhiteRD "52"]
[BlackElo "1872"]
[BlackRD "67"]
[GameID "432539"]

1. e4 c6 2. d4 d5 3. e5 Bf5 4. Nf3 e6 5. Be2 Nd7 6. O-O Ne7 7. Nh4 Bg6 8. f4 Nf5 9. Nxf5 exf5 10. Be3 Be7
11. Nd2 O-O 12. Bf3 f6 13. e6 Nb6 14. Re1 Na4 15. c3 Qd6 16. Qxa4 Qxe6 17. Bf2 Qd7 18. Re2 Bd6 19. g3 a6 20. Bxd5+
1-0

[Event "Caro Special"]
[Site "SchemingMind.com"]
[Date "2018.09.16"]
[Round "-"]
[White "David Perna-Fraser"]
[Black "flyinduck"]
[Result "1/2-1/2"]
[WhiteCountry "CAN"]
[BlackCountry "CAN"]
[WhiteElo "2117"]
[WhiteRD "82"]
[BlackElo "1997"]
[BlackRD "58"]
[GameID "432540"]

1. e4 c6 2. d4 d5 3. e5 Bf5 4. Bd3 Bxd3 5. Qxd3 e6 6. Nf3 Qa5+ 7. c3 Qa6 8. Qxa6 Nxa6 9. Nbd2 c5 10. b3 cxd4
11. Nxd4 O-O-O 12. a4 Kb8 13. Ba3 Bxa3 14. Rxa3 Nc7 15. f4 Ne7 16. Kf2 Ng6 17. g3 f6 18. exf6 gxf6 19. f5 e5 20. fxg6 exd4
21. g7 Rhg8 22. cxd4 Rxg7 23. b4 Ne6 24. Nf3 Rc7 25. Re1 Ng5 26. Nxg5 fxg5 27. Re5 Rc2+ 28. Kf3 Rxh2 29. Rxg5 h5 30. Rf5 h4
31. Re3 hxg3 32. Kxg3 Rh7 33. Ree5 Rhd7 34. Kf4 a6 35. a5 Kc7 36. Rf6 Rh7 37. Ke3 Rhd7 38. Kd3 Rh8 39. Rb6 Rh3+ 40. Re3 Rxe3+
41. Kxe3 Re7+ 42. Kd3 Rh7 43. Re6 Rh3+ 44. Kc2 Rh4=
1/2-1/2

[Event "Caro Special"]
[Site "SchemingMind.com"]
[Date "2018.09.17"]
[Round "-"]
[White "flyinduck"]
[Black "David Perna-Fraser"]
[Result "0-1"]
[WhiteCountry "CAN"]
[BlackCountry "CAN"]
[WhiteElo "2023"]
[WhiteRD "52"]
[BlackElo "2181"]
[BlackRD "74"]
[GameID "432541"]

1. e4 c6 2. d4 d5 3. e5 Bf5 4. Nc3 e6 5. g4 Bg6 6. Nge2 Na6 7. Nf4 Ne7 8. h4 h6 9. Nxg6 Nxg6 10. Bd3 Nxh4
11. f4 Nb4 12. Be2 c5 13. Be3 Ng2+ 14. Kf2 Nxe3 15. Kxe3 cxd4+
0-1

[Event "Caro Special"]
[Site "SchemingMind.com"]
[Date "2018.09.16"]
[Round "-"]
[White "capablanca"]
[Black "splinter"]
[Result "0-1"]
[WhiteCountry "GER"]
[BlackCountry "CAN"]
[WhiteElo "1793"]
[WhiteRD "81"]
[BlackElo "1820"]
[BlackRD "72"]
[GameID "432565"]

1. e4 c6 2. d4 d5 3. e5 Bf5 4. Bd3 Bxd3 5. Qxd3 e6 6. Nf3 Be7 7. O-O Nd7 8. Be3 h6 9. Nbd2 Qb6 10. b3 g5
11. c3 O-O-O 12. c4 f5 13. exf6 Ngxf6 14. Ne5 Rh7 15. Ndf3 Rg7 16. Nxd7 Rxd7 17. Ne5 Rd8 18. Ng6 Rdg8 19. Nxe7+ Rxe7 20. f3 Qd8
21. c5 h5 22. b4 g4 23. b5 gxf3 24. Rxf3 Reg7 25. Rf2 Ng4 26. Rb2 Qh4 27. g3 Nxh2 28. Rxh2 Qxg3+ 29. Kf1 Qxh2 30. Rd1 Rg1+
0-1

[Event "Caro Special"]
[Site "SchemingMind.com"]
[Date "2018.09.16"]
[Round "-"]
[White "splinter"]
[Black "capablanca"]
[Result "0-1"]
[WhiteCountry "CAN"]
[BlackCountry "GER"]
[WhiteElo "1820"]
[WhiteRD "72"]
[BlackElo "1793"]
[BlackRD "81"]
[GameID "432566"]

1. e4 c6 2. d4 d5 3. e5 Bf5 4. Nf3 e6 5. Be2 c5 6. Be3 cxd4 7. Nxd4 Bg6 8. Bb5+ Nd7 9. O-O a6 10. Ba4 b5
11. Bb3 Nxe5 12. a4 b4 13. f4 Nc4 14. Bxc4 dxc4 15. Qf3 Nf6 16. Qc6+ Nd7 17. f5 Rc8 18. Qxa6 Bxf5 19. Nxf5 exf5 20. Re1 Be7
21. Bg5 f6 22. Bf4 Ne5 23. Nd2 O-O 24. Red1 Qd4+ 25. Kh1 Qxf4 26. Qe6+ Kh8 27. Qxe7 Ng4 28. Nf3 Nf2+ 29. Kg1 Nxd1 30. Rxd1 Rfe8
31. Qxb4 Re2 32. Qb7 Rce8 33. Kf1 Qe3
0-1

[Event "Caro Special"]
[Site "SchemingMind.com"]
[Date "2018.09.16"]
[Round "-"]
[White "kenneth m day"]
[Black "splinter"]
[Result "1-0"]
[WhiteCountry "USA"]
[BlackCountry "CAN"]
[WhiteElo "1687"]
[WhiteRD "59"]
[BlackElo "1786"]
[BlackRD "69"]
[GameID "432567"]

1. e4 c6 2. d4 d5 3. e5 Bf5 4. Nc3 e6 5. g4 Bg6 6. Nge2 h6 7. Nf4 Bh7 8. Be3 Bb4 9. Bd2 Bxc3 10. Bxc3 Ne7
11. Bd3 O-O 12. h4 Ng6 13. Qd2 Nxh4 14. O-O-O a5 15. Bxh7+ Kxh7 16. Qd3+ Kg8 17. Nh5 b5 18. Bd2 Nd7 19. Rdg1 c5 20. dxc5 Nxc5
21. Qxb5 Qc7 22. Rxh4 Rfb8 23. Qe2 Rxb2 24. Kxb2 Qb6+ 25. Ka1 Rb8 26. Bc3 Na4 27. Qd2 Rc8 28. Rb1 Qd8 29. Rh3 Rc4 30. Bxa5 Qc8
31. Nxg7 Rxc2 32. Qxh6
1-0

[Event "Caro Special"]
[Site "SchemingMind.com"]
[Date "2018.09.16"]
[Round "-"]
[White "splinter"]
[Black "kenneth m day"]
[Result "1/2-1/2"]
[WhiteCountry "CAN"]
[BlackCountry "USA"]
[WhiteElo "1786"]
[WhiteRD "69"]
[BlackElo "1687"]
[BlackRD "59"]
[GameID "432568"]

1. e4 c6 2. d4 d5 3. e5 c5 4. Nf3 Nc6 5. c3 Bg4 6. Be2 e6 7. O-O cxd4 8. cxd4 f6 9. exf6 Nxf6 10. Nbd2 Bd6
11. Nb3 O-O 12. Nc5 Bxc5 13. dxc5 Rc8 14. a3 Ne4 15. Qc2 Bxf3 16. Bxf3 Ne5 17. Bxe4 dxe4 18. Qxe4 Rxc5 19. Qxb7 Rf7 20. Qe4 Qc7
21. f4 Qc6 22. Qxc6 Nxc6 23. Be3 Rc2 24. b4 a6 25. Bc5 h6 26. Rad1 Kh7 27. Rd6 Nb8 28. g3 Nd7 29. Rxa6 Nxc5 30. bxc5 Rxc5
31. Re1 Rc2 32. a4 Rd7 33. Ra1 Rdd2 34. Rxe6 Rxh2 35. a5 Rcg2+ 36. Kf1 Rxg3 37. a6 Rgg2 38. Re8 Rf2+ 39. Kg1 Rhg2+ 40. Kh1 Rh2+=
1/2-1/2

[Event "Caro Special"]
[Site "SchemingMind.com"]
[Date "2018.09.16"]
[Round "-"]
[White "Stephen Woodhouse"]
[Black "splinter"]
[Result "1-0"]
[WhiteCountry "ENG"]
[BlackCountry "CAN"]
[WhiteElo "1872"]
[WhiteRD "67"]
[BlackElo "1820"]
[BlackRD "72"]
[GameID "432569"]

1. e4 c6 2. d4 d5 3. e5 Bf5 4. Nf3 e6 5. Be2 c5 6. c3 Nc6 7. O-O Be7 8. Be3 f6 9. exf6 Nxf6 10. dxc5 Ng4
11. Nd4 Nxe3 12. fxe3 Nxd4 13. cxd4 O-O 14. Nd2 Bg5 15. Qb3 Qc7 16. Nf3 Be7 17. Rac1 Rf6 18. Ne5 Rh6 19. g3 Rc8 20. Rxf5 exf5
21. Qxd5+ Kf8 22. Qf7#
1-0

[Event "Caro Special"]
[Site "SchemingMind.com"]
[Date "2018.09.16"]
[Round "-"]
[White "splinter"]
[Black "Stephen Woodhouse"]
[Result "1-0"]
[WhiteCountry "CAN"]
[BlackCountry "ENG"]
[WhiteElo "1820"]
[WhiteRD "72"]
[BlackElo "1872"]
[BlackRD "67"]
[GameID "432570"]

1. e4 c6 2. d4 d5 3. e5 Bf5 4. Nf3 e6 5. Be2 Nd7 6. Nc3 c5 7. Nh4 Qxh4 8. Nb5 Qd8 9. O-O a6 10. Na3 cxd4
11. f4 Qb6 12. Kh1 Rc8 13. Bd3 Bxd3 14. cxd3 Bxa3 15. bxa3 Ne7 16. Bd2 Nf5 17. Rb1 Qc7 18. Qh5 g6 19. Qf3 O-O 20. g4 Ne7
21. Rfc1 Qb8 22. Bb4 Rxc1+ 23. Rxc1 Rc8 24. Rg1 Nc6 25. Bd6 Qa7 26. h4 f6 27. h5 fxe5 28. fxe5 Ncxe5 29. Bxe5 Nxe5 30. Qf6 Qb8
31. h6 Qc7 32. Qxe6+ Kh8 33. Re1 Nxd3 34. Qf6+ Kg8 35. Qe6+ Kh8 36. Qe8+
1-0

[Event "Caro Special"]
[Site "SchemingMind.com"]
[Date "2018.09.16"]
[Round "-"]
[White "David Perna-Fraser"]
[Black "splinter"]
[Result "1-0"]
[WhiteCountry "CAN"]
[BlackCountry "CAN"]
[WhiteElo "2181"]
[WhiteRD "74"]
[BlackElo "1820"]
[BlackRD "72"]
[GameID "432571"]

1. e4 c6 2. d4 d5 3. e5 Bf5 4. Bd3 Bxd3 5. Qxd3 e6 6. Nf3 Be7 7. Nbd2 Nh6 8. Nb3 Nf5 9. c3 Nd7 10. Bd2 O-O
11. h4 c5 12. dxc5 Nxc5 13. Nxc5 Bxc5 14. h5 Qc7 15. g4 Ne7 16. O-O-O Nc6 17. Ng5 g6 18. hxg6 hxg6 19. Qh3
1-0

[Event "Caro Special"]
[Site "SchemingMind.com"]
[Date "2018.09.18"]
[Round "-"]
[White "splinter"]
[Black "David Perna-Fraser"]
[Result "0-1"]
[WhiteCountry "CAN"]
[BlackCountry "CAN"]
[WhiteElo "1805"]
[WhiteRD "68"]
[BlackElo "2150"]
[BlackRD "79"]
[GameID "432572"]

1. e4 c6 2. d4 d5 3. e5 Bf5 4. Nf3 e6 5. Be2 Ne7 6. O-O Qb6 7. Nh4 Bg6 8. Nxg6 hxg6 9. c3 Nf5 10. b3 Nd7
11. Nd2 Nxd4 12. cxd4 Qxd4 13. Rb1 Qxe5 14. Nf3 Qh5 15. h3 Bd6 16. Re1 O-O-O 17. Ng5 Qh4 18. Nxf7 Bc5 19. Rf1 Rhf8 20. Nxd8 Bxf2+
21. Rxf2 Qxf2+ 22. Kh2 Kxd8 23. Bg5+ Kc8 24. Bg4 Kb8 25. Be7 Qf4+ 26. Kh1 Re8 27. Bb4 Qxb4 28. Qe2 Qd6 29. Rf1 Nf6 30. Bf3 e5
31. Rd1 e4 32. Bg4 Nxg4 33. Qxg4 Qe6
0-1

[Event "Caro Special"]
[Site "SchemingMind.com"]
[Date "2018.09.17"]
[Round "-"]
[White "flyinduck"]
[Black "splinter"]
[Result "1-0"]
[WhiteCountry "CAN"]
[BlackCountry "CAN"]
[WhiteElo "1993"]
[WhiteRD "51"]
[BlackElo "1786"]
[BlackRD "69"]
[GameID "432573"]

1. e4 c6 2. d4 d5 3. e5 Bf5 4. Nf3 e6 5. Be2 c5 6. Be3 cxd4 7. Nxd4 Bg6 8. h4 h6 9. c4 Ne7 10. Nc3 Nec6
11. cxd5 exd5 12. f4 Bb4 13. h5 Bh7 14. O-O O-O 15. Bf3 Bxc3 16. bxc3 Ne7 17. Qb3 b6 18. c4 Be4 19. Rad1 Bxf3 20. Nxf3 Nd7
21. cxd5 Nf5 22. Bf2 Nc5 23. Qb1 Ne7 24. d6 Nc6 25. f5 Nd7 26. e6 Nf6 27. e7 Nxe7 28. dxe7 Qxe7 29. Rfe1 Qc7 30. Qc1 Qb7
31. Bh4 Kh7 32. Bxf6 gxf6 33. Qc3 Rg8 34. Rd3 Rg3 35. Qxf6 Rag8 36. Re2 Rxf3 37. Rxf3 Qxf3 38. Qxf7+
1-0

[Event "Caro Special"]
[Site "SchemingMind.com"]
[Date "2018.09.18"]
[Round "-"]
[White "splinter"]
[Black "flyinduck"]
[Result "0-1"]
[WhiteCountry "CAN"]
[BlackCountry "CAN"]
[WhiteElo "1786"]
[WhiteRD "69"]
[BlackElo "1993"]
[BlackRD "51"]
[GameID "432574"]

1. e4 c6 2. d4 d5 3. e5 Bf5 4. Nf3 e6 5. Be2 c5 6. Be3 Qb6 7. b3 Nc6 8. c3 cxd4 9. cxd4 Bb4+ 10. Kf1 h6
11. a3 Be7 12. Nc3 h5 13. Na4 Qc7 14. h4 Nh6 15. b4 Ng4 16. Bf4 Rc8 17. Rc1 Qd7 18. Nc5 Bxc5 19. Rxc5 O-O 20. Nh2 Nxh2+
21. Rxh2 g6 22. Bh6 Rfe8 23. Bg5 Ne7 24. Bxh5 gxh5 25. Qxh5 Bg6 26. Qd1 Rxc5 27. bxc5 Qb5+ 28. Kg1 Nc6 29. Bf6 Nxd4 30. Rh3 Qb1
31. Qxb1 Bxb1 32. Rg3+ Bg6 33. h5 Ne2+ 34. Kh2 Nxg3 35. hxg6 Ne4
0-1